00603nam a2200181 i 450000100060000000300090000600500170001500700030003200800410003510000250007624501600010125000120026126000470027330000280032065100230034870000290037185200210040041090ES-MaACL20230906160355.0t|030307s1874 sp ||||1| spa d1 aCascales, Francisco.10aDiscursos históricos, de la muy noble y muy leal ciudad de Murcia y su reino / cel licenciado Francisco Cascales ; publicada por Miguel Gómez y Olmos. a3ª ed. aMurcia : bMiguel Gómez y Olmos, c1874. aXXIV, 566 p. ; c32 cm. 4aMurcia-xHistoria.1 aGómez y Olmos, Miguel. aES-MaACLjG-5010